| 000 | 00619 a2200229 4500 | ||
|---|---|---|---|
| 260 | _aOAkwood | ||
| 100 | _aBRINKERHOFF, Derick W. | ||
| 260 | _bKumarian Press | ||
| 245 | _aLa Gestion efficace des projets de développement : un guide à l'exécution et l'évaluation | ||
| 300 | _aXVI-136p. | ||
| 650 | _aProjet de développement | ||
| 650 | _agestion | ||
| 650 | _aévaluation | ||
| 260 | _c1991 | ||
| 130 | _lFr. | ||
| 440 | _aKumarian Press Library of Management for Dévelopment | ||
| 250 | _a27ME | ||
| 651 | _apays en développement | ||
| 020 | _a0-931816-09-2 | ||
| 999 |
_c27743 _d27743 |
||